[Event "Calchess State Scholastics"]
[Site "Santa Clara"]
[Date "2004.03.21"]
[Round "4"]
[White "Sahni, Saveen"]
[Black "Jeng, Tau"]
[Result "1-0"]
[WhiteElo "1405"]
[BlackElo "1256"]
[PlyCount "63"]
[EventDate "2004.03.20"]
[EventType "team"]
[EventRounds "6"]
[EventCountry "USA"]
[SourceTitle "EXT 2007"]
[Source "ChessBase"]
[SourceDate "2006.11.23"]
[SourceVersion "1"]
[SourceVersionDate "2006.11.23"]
[SourceQuality "1"]

1. e4 e6 2. d4 d5 3. e5 c5 4. c3 Nc6 5. Nf3 f6 6. Be3 cxd4 7. cxd4 Bb4+ 8. Nc3 Bd7 9. Bd3 Qb6 10. 0-0 fxe5 11. dxe5 d4 12. Nxd4 Nxd4 13. Bxd4 Qxd4 14. Bg6+ hxg6 15. Qxd4 Ba5 16. Rad1 Bc6 17. Qg4 Ne7 18. Qxe6 Kf8 19. Rd3 Bc7 20. Rfd1 Rh5 21. Re1 a6 22. Rh3 Rd8 23. Rxh5 gxh5 24. Rd1 Re8 25. Rd4 Rd8 26. Rf4+ Ke8 27. Qf7+ Kd7 28. Rd4+ Kc8 29. Rxd8+ Bxd8 30. Qxg7 Nd5 31. Nxd5 Bxd5 32. a3 1-0